000 00704cam a22002538i 4500
001 20050196
005 20180306092932.0
008 171006s2019 mau 000 0 eng
010 _a 2017046337
020 _a9780134683713 (alk. paper)
020 _a0134683714 (alk. paper)
040 _aDLC
_beng
_cDLC
_erda
041 _aeng
042 _apcc
080 _a510 rob
082 0 0 _a510 rob
_223
100 1 _a36
101 _amat
245 1 0 _aThinking mathematically /
_cRobert F. Blitzer.
263 _a1111
906 _a0
_bvip
_corignew
_d1
_eecip
_f20
_gy-gencatlg
942 _2ddc
_cBK
999 _c44228
_d44228